A propósito de la división de poderes (Registro nro. 32296)
[ vista simple ]
| 000 -LEADER | |
|---|---|
| fixed length control field | 00361 a2200109 4500 |
| 001 - CONTROL NUMBER | |
| control field | ART_39668 |
| 005 - DATE AND TIME OF LATEST TRANSACTION | |
| control field | 20260410162012.0 |
| 008 - FIXED-LENGTH DATA ELEMENTS--GENERAL INFORMATION | |
| fixed length control field | 260409a |
| 100 1# - MAIN ENTRY--PERSONAL NAME | |
| Personal name | Cynowiec, Marcos |
| 245 10 - TITLE STATEMENT | |
| Title | A propósito de la división de poderes |
| 773 0# - HOST ITEM ENTRY | |
| Title | Propuestas para la sociedad, el gobierno y la producción |
| Related parts | - Año 5, Nº 9 (nov. 2001) |
| Record control number | REV39547 |
No hay ítems disponibles.